Personnages des Monsieur Madame - Statistiques

Statistiques générales
  • Ce quiz a été pris 888 fois
  • Le résultat moyen est 22 sur 98
Statistiques - réponses
# % Correct
43 G{rand}
48%
40 P{etit}
48%
9 P{etite}
48%
1 C{hatouille}
46%
37 M{aladroit}
46%
38 J{oyeux}
43%
14 H{eureux}
41%
25 C{oquette}
40%
5 R{igolo}
40%
6 C{ostaud}
38%
46 G{entil}
37%
2 T{ête}-{En}-{L'Air}
37%
42 B{avard}
35%
29 B{avarde}
35%
12 T{imide}
35%
41 P{rincesse}
34%
29 G{rincheux}
33%
30 P{eureux}
32%
33 M{alchance}
31%
39 M{alchance}
31%
22 S{ale}
31%
7 G{rognon}
30%
18 J{e}-{Sais}-{Tout}
30%
16 À l'{Envers}
29%
4 G{louton}
28%
13 N{on}
28%
24 T{atillon}
27%
31 B{onheur}
26%
13 B{oute}-{En}-{Train}
26%
19 C{hance}
26%
23 O{ui}
26%
8 C{urieux}
25%
3 F{arceur}
25%
38 F{arceuse}
25%
34 L{ent}
25%
2 R{apide}
25%
26 M{alin}
24%
10 R{êve}
23%
28 E{n} {Retard}
22%
27 T{êtue}
22%
37 C{hipie}
21%
46 C{ourage}
21%
44 C{ourageux}
21%
39 É{tourdi}
21%
25 M{aigre}
21%
17 P{arfait}
21%
21 A{vare}
20%
27 M{alpoli}
20%
45 A{tchoum}
19%
15 B{eauté}
19%
42 C{âlin}
19%
23 P{ressé}
19%
1 A{utoritaire}
18%
36 B{izarre}
18%
19 B{ruit}
18%
28 E{ndormi}
18%
14 C{anaille}
17%
18 M{éli}-{Mélo}
17%
5 A{crobate}
16%
4 C{atastrophe}
16%
32 F{arfelu}
16%
48 G{énial}
16%
22 G{éniale}
16%
47 M{al} É{levé}
16%
35 N{eige}
16%
9 N{igaud}
16%
24 P{ourquoi}
16%
35 D{odue}
15%
17 D{ouble}
15%
15 I{ncroyable}
15%
12 I{nquiet}
15%
6 M{agie}
15%
49 P{ersonne}
15%
7 P{roprette}
15%
20 S{ilence}
15%
11 B{agarreur}
14%
34 C{asse}-{Pieds}
14%
31 É{tonnant}
14%
8 I{ndécise}
14%
3 R{ange}-T{out}
14%
16 S{age}
14%
41 B{ing}
13%
21 B{oulot}
13%
20 P{rudente}
13%
40 T{erreur}
13%
11 T{intamarre}
13%
10 T{out}-{Va}-{Bien}
13%
33 V{ite}-{Fait}
13%
30 F{ollette}
12%
36 R{isette}
12%
51 A{venture}
11%
26 C{ontraire}
11%
32 V{edette}
10%
43 F{abuleuse}
9%
50 F{ormidable}
9%
44 L{umineuse}
9%
52 T{ranquille}
8%
45 I{nvention}
7%
Aucun quiz correspondant
Distribution des résultats
% des personnes avec chaque résultat
Percentile par nombre de réponses
Votre historique - résultats
Vous n’avez pas pris ce quiz